000 00786nam a22002177a 4500
999 _c18580
_d18580
003 AR-CdUCM
008 190514b ||||| |||| 00| 0 spa d
040 _aMUNICIPALIDAD PROVINCIAL DEL CUSCO
_cBIBLIOTECA MUNICIPAL DEL CUSCO
082 _a630.1 /
_bG36
100 _aGeorge, Pierre
_97618
245 _aCompendiode geografia rural /
260 _aBarcelona :
_bEdiciones Ariel,
_c1964.
300 _a362 paginas ;
_bIlustraciones, graficos, dibujos,
_c21 cm.
505 _aContenido: El espacio agricola -- Los ritmos estacionales -- Los suelos -- Concurrencias, parasitismo -- Liberación desigual...
650 _aAgricola
_919561
650 _aEstacionales
_939247
650 _aSuelos
_919092
700 _aSoler, J
_939248
942 _2ddc
_cLIBROS
945 _apjha
_d2019-05-14